Development and cultural change : cross-cultural perspectives /

Bibliographic Details
Other Authors: Kim, Ilpyong J., 1931-
Format: Book
Language:English
Published: New York : Paragon House, [1986]
Series:Science and values series.
Subjects:

MARC

Tag First Indicator Second Indicator Subfields
LEADER 00000cam a2200000 a 4500
001 in00000012952
005 20151007052307.0
008 860304s1986 nyua b 00100 eng
010 |a  86004986  
020 |a 0892260300 
035 |a (OCoLC)13328173 
035 |9 AAA7151AM 
040 |a DLC  |c DLC  |d m/c  |d TXA  |d UtOrBLW 
049 |a TXAM  |c [A11047729] 
050 0 0 |a HD78  |b .D48 1986 
082 0 |a 338.9  |2 19 
245 0 0 |a Development and cultural change :  |b cross-cultural perspectives /  |c [edited by] Ilpyong J. Kim. 
264 1 |a New York :  |b Paragon House,  |c [1986] 
264 4 |c ©1986 
300 |a xvi, 255 pages :  |b illustrations ;  |c 24 cm. 
336 |a text  |b txt  |2 rdacontent 
337 |a unmediated  |b n  |2 rdamedia 
338 |a volume  |b nc  |2 rdacarrier 
490 1 |a Science and values series 
500 |a "An ICUS book." 
504 |a Bibliography: page 249. 
500 |a Includes index. 
650 0 |a Economic development. 
650 0 |a Economic development  |x Social aspects. 
700 1 |a Kim, Ilpyong J.,  |d 1931- 
830 0 |a Science and values series. 
999 |a MARS 
999 f f |s 24cff3c1-33af-3834-a179-87c94fb03a3c  |i 5b327fcc-ed12-3d95-bbcc-5757066624ac  |t 0 
952 f f |p ric  |a Texas A&M University  |b Rellis Campus  |c Joint Library Facility  |d Remote Storage  |t 0  |e HD78 .D48 1986  |h Library of Congress classification  |i unmediated -- volume  |m A14811047729 
998 f f |a HD78 .D48 1986  |t 0  |l Remote Storage